LEADER 01398nam a2200325 u 4500 001 000000041125 003 CaOOAMICUS 005 20070226114159.0 008 981015s1986 it u000 u ita u 035 $a10805719 040 $aMSA$bita 100 1 $aPalladino, Giuseppe.$0(OLS)http://pul/name/30298 245 13$aIl capitalismo vincerà ? :$bl'etica cristiana dell'economia /$cGiuseppe Palladino ; prefazione di Alessandro Corneli. 260 $aMilano :$bEdizioni del Sole 24 Ore,$c1986. 300 $a286 p. ;$c21 cm 650 4$aEtica e economia.$0(OLS)http://pul/subject/11804 700 1 $aCorneli, Alessandro.$0(OLS)http://pul/name/30299 850 $aPUL 852 $aPUL$W1$xDP1 Fondo De Girolamo$y124$m1 B 1$j41596$b2.copia$qFondi$B198698$CPULBib$Z2$F198698 $81 852 $aPUL$W1$xSL Religione 2$y84$mRH D3 151$j127384$nBK-PRI$qStampati altre collocazioni$B55759$CPULBib$Z2$F55759 $H90453 $82 941 1 $a1 941 1 $a10 960 $aEconomia e morale$911804 960 $aEconomia e morale$911804 960 $aEtica economica$911804 960 $aEtica degli affari$911804 960 $aFinanza etica$911804 961 $aINV: 90453 996 $6245$aIl capitalismo vincerà ? :$bl'etica cristiana dell'economia$9(OLS)http://pul/title/55491 996 $6260$aMilano :$bEdizioni del Sole 24 Ore$9(OLS)http://pul/publisher/64490 LEADER 01153nam a2200289 a 4500 001 000000131535 003 CaOOAMICUS 005 20121122120143.0 008 121122s1994 it u000 u ita r 020 $a88-420-4460-1 040 $aPUL$bita 100 1 $aBretone, Mario,$d1932-$0(OLS)http://pul/name/30622 245 10$aDiritto e tempo nella tradizione europea /$cMario Bretone. 260 $aBari ; Roma :$bGius. Laterza & figli,$c1994. 300 $aVII, 223 p. ;$c21 cm 490 1 $aQuadrante ;$v71 504 $aInclude riferimenti bibliografici ed indice. 650 4$aDiritto e società.$0(OLS)http://pul/subject/12546 830 0$aQuadrante ;$v71.$0(OLS)http://pul/title/12896 850 $aPUL 852 $aPUL$W1$xDP1 Fondo E. Rossi$y115$m1 B 147$j151802$qFondi$B150745$CPULBib$Z2$F150745 $82 941 1 $a1 961 $aSul dorso collocazione ms. di E. Rossi: B 85 3 996 $6020$a88-420-4460-1$9(OLS)http://pul/number/151146 996 $6245$aDiritto e tempo nella tradizione europea$9(OLS)http://pul/title/166162 996 $6260$aBari ; Roma :$bGius. Laterza & figli$9(OLS)http://pul/publisher/81307